The French Quiz Stats

 Plays Quiz Updated Nov 12, 2018

     
Support Sporcle.
Go Orange.
Score 0/20 Timer 05:00
1 Play Today
Hint Answer % Correct
Potatoes cut into strips and submerged in hot oil or fatFrench fries
92.9%
A major tennis tournament held at Roland GarrosFrench Open
90.4%
A brass instrument with a coiled tube, valves, and a wide bellFrench horn
88.2%
A baguette in a long, crisp loafFrench bread
85.3%
The '12 Days of Christmas' has three of themFrench Hens
81.8%
The overthrow of the Bourbon monarchy in FranceFrench Revolution
81.6%
Bread coated in egg and milk and friedFrench toast
80.3%
A vinaigrette of oil, vinegar, and seasoningsFrench dressing
79.9%
Hairstyle in which the hair is tucked into a vertical roll down the back of the headFrench twist
65.4%
An entranceway with glass panes throughout its lengthFrench door
61.8%
Hint Answer % Correct
1995 romantic comedy starring Meg Ryan and Kevin KlineFrench Kiss
56.1%
Overseas region of France in northern South AmericaFrench Guiana
48.3%
1971 Academy Award winning film with Gene HackmanThe French Connection
43.3%
Roast beef sandwich commonly served au jusFrench Dip
41.3%
Coffee brewing device also known as a coffee plungerFrench Press
39%
1700s conflict which ended with the Treaty of ParisFrench and Indian War
31.3%
Sliced obliquely, as in cookingFrench-cut
29.6%
Overseas territory of France in the South Pacific; its capital is PapeeteFrench Polynesia
22.5%
1969 John Fowles novel and later a Meryl Streep filmThe French Lieutenant's Woman
12.5%
Rich dessert or snack, often with the filling of fruit or custardFrench pastry
11.3%

From the Vault

USA by Nearest State Capital

by Tr4pD00r

Maybe this is what the state borders should actually look like.
Remove Ads.
Support Sporcle.
Get the best of Sporcle when you Go Orange. This ad-free experience offers more features, more stats, and more fun while also helping to support Sporcle. Thank you for becoming a member.

Show Comments

Extras

Top Quizzes Today


Score Distribution

Your Account Isn't Verified!

In order to create a playlist on Sporcle, you need to verify the email address you used during registration. Go to your Sporcle Settings to finish the process.

Report this User

Report this user for behavior that violates our Community Guidelines.

Details: